[Event "Thorigny op 2nd"]
[Site "Thorigny"]
[Date "2006.03.23"]
[Round "1"]
[White "Aliphat, Pierre"]
[Black "Sainte Marie, Laurent"]
[Result "0-1"]
[WhiteElo "1610"]
[BlackElo "2007"]
[PlyCount "96"]
[EventDate "2006.03.22"]
[EventType "swiss"]
[EventRounds "7"]
[EventCountry "FRA"]
[SourceTitle "EXT 2007"]
[Source "ChessBase"]
[SourceDate "2006.11.23"]
[SourceVersion "1"]
[SourceVersionDate "2006.11.23"]
[SourceQuality "1"]

1. c4 Nf6 2. Nc3 d5 3. d4 e6 4. Bg5 Be7 5. e4 Nxe4 6. Bxe7 Qxe7 7. Nxe4 dxe4 8. c5 e5 9. Rc1 exd4 10. Qxd4 Nc6 11. Qxg7 Qe5 12. Qxe5+ Nxe5 13. Be2 Be6 14. b3 Rg8 15. g3 0-0-0 16. h4 Kb8 17. Nh3 Bg4 18. Ng5 Nd3+ 19. Bxd3 exd3 20. Kd2 Rge8 21. f3 Re2+ 22. Kc3 d2 23. Rcd1 Re3+ 24. Kb2 Bxf3 25. Nxf3 Rxf3 26. Rhg1 c6 27. Kc2 Rf2 28. Rgf1 Rxf1 29. Rxf1 f5 30. Rd1 Rg8 31. Rf1 Rd8 32. Kd1 Rd5 33. b4 a5 34. a3 Ka7 35. Rf3 Ka6 36. Rc3 axb4 37. Rb3 Rxc5 38. Kxd2 Rc3 39. Rxc3 bxc3+ 40. Kxc3 Kb5 41. Kb3 Kc5 42. Kc3 Kd5 43. Kd3 Ke5 44. a4 Kd5 45. h5 c5 46. h6 c4+ 47. Ke3 b6 48. Kd2 Kd4 0-1

[Event "Noisy le Grand op"]
[Site "Noisy le Grand"]
[Date "2003.??.??"]
[Round "4"]
[White "Aliphat, Pierre"]
[Black "Hargoues Turon, Emile"]
[Result "1-0"]
[WhiteElo "1440"]
[BlackElo "1320"]
[PlyCount "65"]
[EventDate "2003.05.??"]
[EventType "swiss"]
[EventRounds "7"]
[EventCountry "FRA"]
[SourceTitle "EXT 2005"]
[Source "ChessBase"]
[SourceDate "2004.11.15"]
[SourceVersion "1"]
[SourceVersionDate "2004.11.15"]
[SourceQuality "1"]

1. e4 c6 2. Nc3 e5 3. Nf3 Bc5 4. Nxe5 Qf6 5. d4 Bb6 6. Be3 d6 7. Nf3 Nh6 8. h3 0-0 9. Qd2 Re8 10. Bd3 Ba5 11. Ng5 Nd7 12. Nxh7 Qd8 13. Bxh6 Qh4 14. Qg5 Qxg5 15. Bxg5 Kxh7 16. 0-0 Rh8 17. e5+ Kg8 18. exd6 Bb4 19. Ne4 Nf8 20. c3 Ba5 21. Rae1 Be6 22. Ng3 Bxa2 23. Ra1 Bd8 24. Bxd8 Rxd8 25. Rxa2 Rxd6 26. Nf5 Re6 27. Rxa7 g6 28. Bc4 gxf5 29. Bxe6 fxe6 30. Rxb7 Rh4 31. Ra1 Ng6 32. Ra8+ Nf8 33. Rbb8 1-0

[Event "Noisy le Grand op"]
[Site "Noisy le Grand"]
[Date "2003.??.??"]
[Round "5"]
[White "Truitard, Jean Francois"]
[Black "Aliphat, Pierre"]
[Result "1/2-1/2"]
[WhiteElo "1600"]
[BlackElo "1440"]
[PlyCount "87"]
[EventDate "2003.05.??"]
[EventType "swiss"]
[EventRounds "7"]
[EventCountry "FRA"]
[SourceTitle "EXT 2005"]
[Source "ChessBase"]
[SourceDate "2004.11.15"]
[SourceVersion "1"]
[SourceVersionDate "2004.11.15"]
[SourceQuality "1"]

1. d4 e6 2. c4 c5 3. d5 d6 4. Nc3 Nf6 5. e4 e5 6. Nf3 Bg4 7. Be2 Nbd7 8. 0-0 Be7 9. Be3 0-0 10. Qd2 Ne8 11. h3 Bh5 12. Nh2 Bxe2 13. Nxe2 f5 14. exf5 Rxf5 15. Ng3 Rf7 16. Nf3 Nf8 17. Ne4 h6 18. Nh2 Nf6 19. Nxf6+ Rxf6 20. f4 exf4 21. Bxf4 Ng6 22. Be3 Ne5 23. b3 Qd7 24. Rxf6 Bxf6 25. Rf1 Rf8 26. Qe2 Re8 27. Nf3 Qe7 28. Bf4 Nxf3+ 29. Qxf3 Bd4+ 30. Kh1 Rf8 31. Qd3 Rf6 32. Bh2 Be5 33. Rxf6 Bxf6 34. Bg1 Be5 35. Qf3 Qg5 36. Be3 Qg6 37. Bg1 Qb1 38. g4 g6 39. Qe2 Qc1 40. Kg2 Qf4 41. Qf2 Qc1 42. Qe2 Qc3 43. Qe3 Qa1 44. Qe2 1/2-1/2